Odhad rôznych funkčných tvarov modelov pre vybrané ekonomické vzťahy bakalárska práca

Salvato in:
Dettagli Bibliografici
Autore principale: Homza, Vladislav
Ente Autore: Fakulta hospodárskej informatiky EU. Katedra operačného výskumu a ekonometrie
Altri autori: Lukáčiková, Adriana, 1971-
Natura: Libro
Lingua:slovacco
Pubblicazione: Bratislava 2016
Tags: Aggiungi Tag
Nessun Tag, puoi essere il primo ad aggiungerne!!

MARC

LEADER 00000nbm a2200000 4500
001 0219198
005 20170215100109.3
041 0 |a slo 
044 |a SK 
245 1 0 |a Odhad rôznych funkčných tvarov modelov pre vybrané ekonomické vzťahy  |b bakalárska práca  |c Vladislav Homza ; školiteľ: Adriana Lukáčiková 
264 1 |a Bratislava  |c 2016 
300 |a 48 s. 
100 1 |a Homza, Vladislav 
700 1 |a Lukáčiková, Adriana, 1971- 
710 2 |a Fakulta hospodárskej informatiky EU. Katedra operačného výskumu a ekonometrie